Super Mario Charaktere Bilder Quiz - Statistiken

Allgemein
  • Dieses Quiz wurde 189 mal gespielt
  • Das Durchschnittsergebnis liegt bei 23 aus 32
Antwortstatistiken
Bildquiz Antwort % Korrekt
Luigi
98%
Wario
98%
Waluigi
97%
Bowser
95%
Daisy
95%
Mario
95%
Toadette
95%
Donkey Kong
94%
Peach
93%
Toad
90%
Gumba
89%
Yoshi
89%
Rosalina
86%
Shy Guy
85%
Koopa
83%
Diddy Kong
81%
Hammer Bruder
71%
Lakitu
71%
Birdo
68%
Bowser Junior
66%
Kamek
66%
König Buu Huu
66%
Kugelwilli
63%
Piranha Pflanze
57%
Blooper
55%
Cheep Cheep
52%
Mopsie
42%
Fuzzy
40%
Parakoopa
35%
Pokey
27%
Thwomp
23%
Schnuffel
18%
Keine übereinstimmenden Quizze gefunden
Verteilung der Resultate
Anzahl Personen mit jedem Resultat
Perzentil nach korrekt beantworteten Fragen
Ihre Resultats-Entwicklung
Sie haben dieses Quiz noch nicht gespielt